| 000 | 00362nam a22001457a 4500 | ||
|---|---|---|---|
| 003 | OSt | ||
| 008 | 220826b |||||||| |||| 00| 0 eng d | ||
| 020 | _a8181284089 | ||
| 082 |
_a003.85 _bALL/CH |
||
| 100 |
_aAlligood, kathleen T _95249 |
||
| 245 | _aChaos an introduction to dynamical systems | ||
| 260 |
_aDelhi _bspringer _c2006 |
||
| 300 | _a603 | ||
| 942 | _cBK | ||
| 999 |
_c17551 _d17551 |
||